| Tag |
First Indicator |
Second Indicator |
Subfields |
| LEADER |
00000cam a22000001a 4500 |
| 001 |
in00003665513 |
| 005 |
20190408175056.0 |
| 006 |
m o d f |
| 007 |
cr bn mmmapmmp |
| 008 |
141203s1926 dcu o f000 0 eng d |
| 035 |
|
|
|a ebd1910205460
|
| 040 |
|
|
|a UMI
|c UMI
|d UtOrBLW
|
| 086 |
0 |
|
|a C 18.25:432
|
| 099 |
|
|
|a C18.25-432
|
| 110 |
1 |
|
|a United States.
|b Bureau of Foreign and Domestic Commerce.
|0 http://id.loc.gov/authorities/names/n78091156
|
| 245 |
1 |
0 |
|a Foreign trade of U.S. in fiscal year 1925-26.
|
| 264 |
|
1 |
|a [Washington] :
|b GPO,
|c 1926.
|
| 300 |
|
|
|a 1 online resource (vi+18 pages)
|
| 336 |
|
|
|a text
|b txt
|2 rdacontent
|
| 337 |
|
|
|a computer
|b c
|2 rdamedia
|
| 338 |
|
|
|a online resource
|b cr
|2 rdacarrier
|
| 533 |
|
|
|a Electronic reproduction.
|b [Bethesda, Md.] :
|c ProQuest,
|d 2014.
|e digital, PDF file.
|n ProQuest U.S. Executive Branch Documents
|n Mode of access: World Wide Web via ProQuest website.
|
| 588 |
|
|
|a Record is based on online resource; title from PDF title page (ProQuest, last viewed Dec. 2014). Reuse except for individual research requires license from ProQuest, LLC.
|
| 500 |
|
|
|a Electronic resource.
|
| 610 |
1 |
0 |
|a United States.
|b Department of Agriculture.
|0 http://id.loc.gov/authorities/names/n79008243
|
| 650 |
|
0 |
|a International trade.
|0 http://id.loc.gov/authorities/subjects/sh87004890
|
| 650 |
|
0 |
|a Manufacturing processes.
|0 http://id.loc.gov/authorities/subjects/sh85080664
|
| 655 |
|
7 |
|a Electronic books.
|2 local
|
| 856 |
4 |
0 |
|u http://proxy.library.tamu.edu/login?url=http://congressional.proquest.com/congressional/docview/t66.d71.c18.25-432
|z Connect to the full text of this electronic document
|t 0
|
| 999 |
f |
f |
|s a3f712ba-0445-3153-b20b-9b7bbab4ddb6
|i cb770cd5-46c4-3820-95f8-7cc54fc66b3d
|t 0
|
| 952 |
f |
f |
|a Texas A&M University
|b College Station
|c Electronic Resources
|d Available Online
|t 0
|h No information provided
|
| 998 |
f |
f |
|t 0
|l Available Online
|